Fantasio. No feu bromes amb l'amor / Alfred de Musset ; traduccions de Guillem-Jordi Graells i Jaume Melendres ; pròleg de Guillem-Jordi Graells
Descripción Física:
147 p. ; 17 cm
MARC
| LEADER | 00000nam a2200000Ia 4500 | ||
|---|---|---|---|
| 001 | 7988 | ||
| 008 | 160829s1988 xx 000 0 cat d | ||
| 080 | |a L-1-165 | ||
| 100 | |a Musset, Alfred de |9 27917 | ||
| 245 | |a Fantasio. No feu bromes amb l'amor / Alfred de Musset ; traduccions de Guillem-Jordi Graells i Jaume Melendres ; pròleg de Guillem-Jordi Graells | ||
| 260 | |a Barcelona : |b Institut del Teatre de la Diputació de Barcelona, |c 1988 | ||
| 300 | |a 147 p. ; |c 17 cm | ||
| 490 | |a Col·lecció popular de teatre clàssic universal ; 30 | ||
| 700 | |a Graells, Guillem-Jordi, |d 1950- |e traductor |9 28834 | ||
| 700 | |a Melendres, Jaume, |d 1941-2009 |e traductor |9 25255 | ||
| 710 | 1 | |a Institut del Teatre (Barcelona, Catalunya) |9 52662 | |
| 901 | |a Arxiu | ||
| 942 | |n 1 |2 udc | ||
| 952 | |0 0 |1 0 |4 0 |6 L1165 |7 1 |9 44599 |a Arxiu |b Arxiu |d 2016-12-01 |l 0 |o L-1-165 |p 7988 |r 2016-12-01 00:00:00 |w 2016-12-01 |y ARXIU | ||
| 999 | |c 47180 |d 47180 | ||